00958cam a2200301 i 4500001001000000003000900010005001700019007000300036008004100039020001500080040003000095082000700125100004400132240003700176245008200213246002400295264002800319300002800347336002700375337003300402338002800435490003100463534004400494600003600538650002200574650002500596700003500621000000887DO-SdBNP20240711094524.0ta901120s1984 sp 000 e spa  a8449968321 aDO-SdBNPbspacBNPHUerda 42221 aErasmus, Desiderius,d1466?-1536eautor10aSeu Laus Stultitiae.lEspañol.10aElogio de la locura /cErasmo De Rotterdam ; Traducción, Teresa Suero Roca.10aSeu Laus Stultitiae aMadrid :bSarpe,c1984. a268 páginas ;c19 cm. 2rdacontentatextobtxt 2rdamediaasin mediaciónbn 2rdacarrieravolumenbnc aLos grandes pensadoresv19 aTítulo original:tSeu Laus Stultitiae14aDesiderius, Erasmus,d1467-1596 4aLiteratura latina 4aLiteratura clásica1 aSuero Roca, Teresa,etraductor